Szegedi büszkeség Detre László-díjjal ismerték el Dr. Szalai Tamást, az SZTE asztrofizikusát /

Elmentve itt :
Bibliográfiai részletek
Szerző: Bartok Zsófia
További közreműködők: Kovács-Jerney Ádám
Dokumentumtípus: Cikk
Megjelent: 2025-09-26
Sorozat:Szeged365.hu
Kulcsszavak:Kitüntetés, Eötvös Loránd Fizikai Társulat, Szalai Tamás - egyetemi docens - Detre László-díj, Kísérleti Fizikai Tanszék, Fizikai Intézet, Természettudományi és Informatikai Kar - TTIK
Online Access:http://univ.bibl.u-szeged.hu/75607
LEADER 01040nab a2200181 i 4500
001 univ75607
005 20250929132301.0
008 250929s2025 hu o 000 hun d
040 |a SZTE UnivHistória Repozitórium  |b hun 
041 |a hun 
100 1 |a Bartok Zsófia 
245 1 0 |a Szegedi büszkeség   |h [elektronikus dokumentum] :  |b Detre László-díjjal ismerték el Dr. Szalai Tamást, az SZTE asztrofizikusát /  |c  Bartok Zsófia 
260 |c 2025-09-26 
490 0 |a Szeged365.hu 
561 |a Egyetemi hirarchívum 
695 |a Kitüntetés, Eötvös Loránd Fizikai Társulat, Szalai Tamás - egyetemi docens - Detre László-díj, Kísérleti Fizikai Tanszék, Fizikai Intézet, Természettudományi és Informatikai Kar - TTIK 
700 0 2 |a Kovács-Jerney Ádám 
856 4 0 |u http://univ.bibl.u-szeged.hu/75607/1/Szegedi%20b%C3%BCszkes%C3%A9g_%20Detre%20L%C3%A1szl%C3%B3-d%C3%ADjjal%20ismert%C3%A9k%20el%20Dr.%20Szalai%20Tam%C3%A1st%2C%20az%20SZTE%20asztrofizikus%C3%A1t%20%E2%80%93%20Szegedi%20h%C3%ADrek%20_%20Szeged365.pdf  |z Dokumentum-elérés